Presidents of Peru since 1990 - Statistics

General Stats
  • This quiz has been taken 25 times
    2 since last reset
  • The average score is 10 of 14
Answer Stats
In office Answer % Correct
July 28th, 1985 – July 28th, 1990 Alan Garcia
100%
July 28th, 2006 – July 28th, 2011 Alan Garcia
100%
July 28th, 1990 – November 21st, 2000 Alberto Fujimori
100%
July 28th, 2001 – July 28th, 2006 Alejandro Toledo
100%
December 7th, 2022 – October 10th, 2025 Dina Boluarte
100%
July 28th, 2011 – July 28th, 2016 Ollanta Humala
100%
July 28th, 2021– December 7th, 2022 Pedro Castillo
100%
November 17th, 2020 – July 28th, 2021 Francisco Sagasti
50%
October 10th, 2025 – February 17th, 2026 José Jerí
50%
November 10th, 2020 – November 15th, 2020 Manuel Merino
50%
March 23rd, 2018 – November 9th, 2020 Martin Vizcarra
50%
July 28th, 2016 – March 23rd, 2018 Pedro Pablo Kuczynski
50%
November 22nd, 2000 – July 28th, 2001 Valentin Paniagua
50%
February 18th, 2025 – Present Jose Maria Balcazar
0%
No matching quizzes found
Score Distribution
Percent of People with Each Score
Percentile by Number Answered
Your Score History
You have not taken this quiz since the last reset